000 00800nam a22002057a 4500
999 _c12443
_d12443
003 AR-CdUCM
008 190322b ||||| |||| 00| 0 spa d
040 _aMUNICIPALIDAD PROVINCIAL DEL CUSCO
_cBIBLIOTECA MUNICIPAL DEL CUSCO
082 _22ed.
_aC / 376.5131 /
_bV66
100 _aVillanueva Urteaga, Horacio
_95790
245 _aLa Universidad Nacional de San Antonio Abad del Cuzco /
260 _aCusco :
_bUniversidad Nacional San Antonio Abad,
_c1992
505 _aContenido : Orígenes -- Fundación de San Antonio Abad -- Las Facultades -- El "Huerto de San Antonio Abad" -- Los antonianos y la Emancipación del Perú...
650 _aHistoria
_9246
650 _aUNSAAC
_98726
650 _aCuzco
_97693
650 _aCusco
_9772
942 _2ddc
_cLIBROS
945 _awfj
_d2019-04-09